| 000 | 00512nam a2200121 a 4500 | ||
|---|---|---|---|
| 008 | 100804s2001 ||||||||||||||||| || u | ||
| 050 | _aPAPERS/STAFF/NGAMBI | ||
| 100 | _aNgambi, Aaron | ||
| 245 | 1 | 0 | _a14th World University games report held in ZAGREB- Yugoslavia 8th--19th July 1989 |
| 260 |
_aKitwe _bCopperbelt University _c2001 |
||
| 350 | _a0.00 | ||
| 995 |
_D0.00 _FCBU-MAIN LIBRARY (Kitwe) _H1 _I0.00 _M1 _UAVAILABLE _WAug 4, 2010 _ZUniversity Collection |
||
| 999 |
_c33056 _d33056 |
||